The knowing : how the oppression of indigenous peoples continues to echo today /

Explores the dark history of residential schools, "Indian hospitals" and asylums and their effects on indigenous peoples.

Bibliographic Details
Main Author: Talaga, Tanya (Author)
Format: Book
Language:English
Published: Toronto, Ontario, Canada : Hanover Square Press, 2025.
Subjects:

MARC

Tag First Indicator Second Indicator Subfields
LEADER 00000cam a2200000 i 4500
001 in00005652021
003 OCoLC
005 20250715104243.8
008 250707r20252024oncab b 001 0deng d
024 8 |a 40032815820 
040 |a GCmBT  |b eng  |e rda  |c OQX  |d OCLCO  |d OCLCQ  |d OCO 
020 |a 9781335015389  |q (hardcover) 
020 |a 1335015388  |q (hardcover) 
035 |a (OCoLC)1527041629 
043 |a n-cn--- 
050 1 4 |a E78.C2  |b T35 2025 
082 0 4 |a 971.004/97  |2 23/eng/20250703 
100 1 |a Talaga, Tanya,  |e author.  |1 https://id.oclc.org/worldcat/entity/E39PBJwMFF9HchPYGDxDhWKDbd 
245 1 4 |a The knowing :  |b how the oppression of indigenous peoples continues to echo today /  |c Tanya Talaga. 
264 1 |a Toronto, Ontario, Canada :  |b Hanover Square Press,  |c 2025. 
300 |a xxii, 458 pages :  |b illustrations, map ;  |c 24 cm 
336 |a text  |b txt  |2 rdacontent 
337 |a unmediated  |b n  |2 rdamedia 
338 |a volume  |b nc  |2 rdacarrier 
504 |a Includes bibliographical references (pages 437-450) and index. 
520 |a Explores the dark history of residential schools, "Indian hospitals" and asylums and their effects on indigenous peoples. 
520 |a "For generations, Indigenous People have known that their family members disappeared, many of them after being consigned to a coordinated system designed to destroy who the First Nations, M̌tis and Inuit people are. This is one of Canada's greatest open secrets, an unhealed wound that until recently lay hidden by shame and abandonment. The Knowing is the unfolding of history unlike anything we have ever read before. Award-winning and bestselling Anishinaabe author Tanya Talaga retells the history of her country as only she can -- through an Indigenous lens, beginning with the life of her great-great grandmother Annie Carpenter and her family as they experienced decades of government- and Church-sanctioned enfranchisement and genocide. Deeply personal and meticulously researched, The Knowing is a seminal unravelling of the centuries-long oppression of Indigenous People that continues to reverberate in these communities today." --  |c Provided by publisher. 
650 0 |a Indigenous peoples  |z Canada  |x History. 
651 0 |a Canada  |x Ethnic relations  |x History. 
650 0 |a Generational trauma. 
600 1 0 |a Talaga, Tanya  |x Family. 
651 6 |a Canada  |0 (CaQQLa)201-0006588  |x Relations interethniques  |0 (CaQQLa)201-0006588  |x Histoire.  |0 (CaQQLa)201-0378888 
650 6 |a Traumatisme intergénérationnel.  |0 (CaQQLa)000348389 
945 |b 462041 
947 |a A14852297283 
980 |b print  |c 40032815820  |g 565725  |k USD  |m 25.60  |q 1  |s AcqMono Conventional  |t Approval plan  |u Vendor order reference number  |v ZYBP  |y Print approval  |z Physical resource 
999 f f |i 70bc71a6-8a96-474e-9084-1f1c54a89258  |s 14e80b51-0bfa-460a-965b-5360d5c03e79  |t 0 
952 f f |p normal  |a Texas A&M University  |b College Station  |c Sterling C. Evans Library  |s Evans stk  |d Evans: Library Stacks  |t 0  |e E78.C2 T35 2025  |h Library of Congress classification  |i unmediated -- volume  |m A14852297283